|
|
|
|
| LEADER |
01310nam a2200337 a 4500 |
| 001 |
0017278 |
| 003 |
BD-DhAAL |
| 008 |
8090802r2002 ii 001 eng d |
| 010 |
|
|
|a 81902249
|
| 020 |
|
|
|a 8171679668
|
| 040 |
|
|
|a DLC
|c DLC
|d DLC
|d BD-DhAAL
|
| 082 |
0 |
0 |
|a 821
|
| 100 |
1 |
|
|a Edwards, Thomas.
|9 58364
|
| 245 |
1 |
0 |
|a Henry Derozio /
|c Thomas Edwards ; introduction by R.K. Dasgupta.
|
| 250 |
|
|
|a Riddhi ed.
|
| 260 |
|
|
|a Calcutta;
|a New Delhi :
|b Riddhi-India;
|b Rupa&co.,
|c 2002[reprinted].
|
| 300 |
|
|
|a [xx], 250 p. ;
|c 19 cm
|
| 500 |
|
|
|a Includes original t.p.
|
| 500 |
|
|
|a Reprint. Originally published: Henry Derozio, the Eurasian poet, teacher, and journalist. Calcutta : W. Newman, 2002.
|
| 500 |
|
|
|a Includes index.
|
| 526 |
|
|
|a ENH
|
| 541 |
1 |
|
|e 00017278
|a Omni Books
|
| 600 |
1 |
0 |
|a Derozio, Henry,
|d 1809-1831.
|9 58365
|
| 650 |
|
0 |
|a Poets, English
|y 19th century
|x Biography.
|9 28045
|
| 650 |
|
0 |
|a Educators
|z India
|z Bengal
|x Biography.
|9 58366
|
| 651 |
|
0 |
|a Bengal (India)
|x Intellectual life.
|
| 651 |
|
0 |
|a Bengal (India)
|x Biography.
|
| 852 |
4 |
|
|a Ayesha Abed Library
|
| 942 |
|
|
|2 ddc
|c BK
|
| 999 |
|
|
|c 3179
|d 3179
|
| 952 |
|
|
|0 0
|1 4
|2 ddc
|4 0
|6 821_000000000000000_EDW
|7 0
|9 2882
|a BRACUL
|b BRACUL
|c GEN
|d 2009-08-30
|g 300.00
|l 0
|o 821 EDW
|p 3010017278
|r 2009-08-30
|t 1
|v 600.00
|w 2009-08-30
|y BK
|x Koha Inventory 2020
|